000
00330nam a2200157Ia 4500
100
_a
Selwood/P.W
650
_a
Chemistry
942
_c
BK
654
_a
chemistry
245
_a
General Chemistry
260
_b
Charles & Merill Books
_a
Newyork
_c
1959
082
_a
540
_b
Sel
300
_a
660
546
_a
ENGLISH
999
_c
23001
_d
23001